Automatizácia vo vysokoškolských knižniciach

Bibliographic Details
Main Author: M.K (Author)
Format: Article
Language:Slovak
Subjects:

MARC

LEADER 00000nab a2200000 a 4500
001 vtls000009065
003 SK-MaSNL
005 20260303021605.0
008 111103c1978 xo 0 slo
015 |a SNBRB19rr/mm-uuuuu 
035 |a CL0019159 
040 |a SNKBUCL  |b slo  |c SNKBUCL  |e AACR2 
041 0 |a slo 
044 |a xo  |c SK 
080 |a 027.7(437.6)  |2 1981 
080 |a 023.5  |2 1981 
080 |a 331.875  |2 1981 
080 |a 023.4  |2 1981 
080 |a 374.2(437.6 Bratislava)  |2 1981 
100 1 |a M.K.  |4 aut  |9 339068 
245 1 0 |a Automatizácia vo vysokoškolských knižniciach  |c M.K. 
650 0 7 |a vysokoškolské knižnice  |2 snkbucl  |9 64143 
650 0 7 |a automatizácia knižničná  |2 snkbucl  |9 1002680 
650 0 7 |a semináre odborné  |2 snkbucl  |9 877774 
651 7 |a 5100  |2 snkbucl  |9 166206 
655 7 |a články z novín a časopisov  |2 snkbucl  |9 267496 
655 7 |a články z odboru knihovníctvo  |2 snkbucl  |9 166141 
773 0 |t Informačný a metodický spravodajca pre sieť vysokoškolských knižníc na Slovensku  |g Roč. 13, č. 1 (1978), s. 40-42 
850 |a Slovenská národná knižnica v Martine  |a MTA001 
852 |a SNK  |b KIS3GCP 
958 |a RK 
958 |a KL 
992 |a RBX 
999 |c 1624113  |d 1626043